| 000 | 00475nam a2200145Ia 4500 | ||
|---|---|---|---|
| 003 | OSt | ||
| 005 | 20260130144600.0 | ||
| 008 | 211028s2018 xx 000 0 und d | ||
| 040 | _cAIMIT LIBRARY | ||
| 041 | _aeng | ||
| 100 |
_aFernandes, Sonal Ancilla; D Souza, Rayan. _g1616196 _97948 |
||
| 245 | _aStudy on perceptual mapping of employee welfare measures- an exploratory research at KMC hospital Attavar / | ||
| 260 |
_aMangalore _bRayan D Souza. _c2018 |
||
| 942 |
_2ddc _cPRO |
||
| 999 |
_c219516 _d219516 |
||